Algunos programas de uso común en Basic: edición para Atari
Uloženo v:
| Hlavní autoři: | , , |
|---|---|
| Médium: | Kniha |
| Jazyk: | španělština |
| Vydáno: |
Madrid
McGraw-Hill
1983
|
| Témata: | |
| Tagy: |
Přidat tag
Žádné tagy, Buďte první, kdo vytvoří štítek k tomuto záznamu!
|
MARC
| LEADER | 00000nam a2200000 a 4500 | ||
|---|---|---|---|
| 001 | UCU7423 | ||
| 003 | CL-VaPUC | ||
| 008 | 960705e19830000SP |||||||||||||||||spa|d | ||
| 082 | 0 | 4 | |a 005.133 |b POO |2 21 |
| 100 | 0 | |a Poole, Lon |e author |9 366261 | |
| 700 | 0 | |a Borchers, Mary |e author |9 366262 | |
| 700 | 0 | |a Cook, Steven |e author |9 366263 | |
| 245 | 1 | 0 | |a Algunos programas de uso común en Basic: edición para Atari |
| 300 | |a 200 p | ||
| 942 | |c BK | ||
| 945 | |d 19960705 00:00:00 |a rbrito | ||
| 260 | |a Madrid |b McGraw-Hill |c 1983 | ||
| 650 | 0 | |a Programas para computadores |9 260340 | |
| 650 | 7 | |a LENGUAJES DE COMPUTACION |2 CL-VaPUC |9 345215 | |
| 650 | 7 | |a COMPUTADORES PROGRAMACION |2 CL-VaPUC |9 260190 | |
| 650 | 7 | |a BASIC |2 CL-VaPUC |9 259771 | |
| 583 | |a last modification |c 19960705 00:00:00 |k Rodrigo Vera | ||
| 999 | |c 250076 |d 250074 | ||
| 952 | |0 0 |1 0 |4 0 |6 005_133000000000000_POO_1983 |7 0 |8 A |9 267828 |a BIBING |b BIBING |d 2019-11-19 |i 3212874 |o 005.133 POO 1983 |p 3212874 |r 2025-01-20 |w 2019-11-19 |y BK |k ING | ||